000 00803nam a22002657a 4500
001 50506
003 UA-OsUOA
005 20260326113002.0
007 ta
008 20071119b un ||||| |||| 00| 0 ukr d
020 _a0920862519
040 _aUA-OsUOA
_bukr
_cUA-OsUOA
_dUA-OsUOA
041 _aukr
080 _a82-92
090 _a82-92
_bС59
100 _aСокіл В.
_924689
245 _aЗдалека до близького: спогади, роздуми
_cВасиль Сокіл
246 _aFrom far away to close at Hand
260 _aЕдмонт
_bКІУС
_c1987
300 _a360 с.
650 7 _a82 Література. Літературознавство
_2UDC
_915
942 _cBK
_2udc
955 _a3
999 _c336610
_d336610